000 01052nam a2200301 i 4500
001 185245
003 SpMaBN
005 20250522203442.0
008 160425s2009 sp aco |||| |dspa d
020 _a978-84-87744-25-9
080 _a821.14-21"-04"
080 _a792(083.97)
245 0 4 _aLas Troyanas /
_cEurípides ; versión, Ramón Irigoyen ; dirección, Mario Gas.
250 _a1ª ed.
260 _aMadrid :
_bTeatro Español,
_c2009.
300 _a283 p. :
_bil. col., fot. ;
_c20 x 20 cm.
490 1 _aCuadernos del Teatro Español ;
_v21
500 _aEn cub.: Temporada 2008 - Matadero Madrid. Naves del Español.
650 7 _aTeatro-
_xProgramas.
_9145288
700 0 _aEurípides.
_948332
700 1 _aIrigoyen, Ramón,
_d1942-
_965469
700 1 _aGas, Mario (
_d1947-)
_9159439
710 2 _aTeatro Español (Madrid)
_9143020
830 0 _aCuadernos del Teatro Español ;
_v21
_9189460
852 _aES-MaACL
_jA-13717
_9 192265
_bR.150743
_cDEPO1
_dOlim: N-6717
942 _2udc
999 _c185245
_d185245